Normal view
MARC view
Entry Topical Term
001 - CONTROL NUMBER
- control field: 15515
003 - CONTROL NUMBER IDENTIFIER
- control field: HDC
005 - DATE AND TIME OF LATEST TRANSACTION
- control field: 20230624073447.0
008 - FIXED-LENGTH DATA ELEMENTS
- fixed length control field: 210218|| aca||aabn | a|a d
040 ## - CATALOGING SOURCE
- Original cataloging agency: HDC
- Transcribing agency: HDC
150 ## - HEADING--TOPICAL TERM
- Topical term or geographic name entry element: shariah compliant funds
670 ## - SOURCE DATA FOUND
- Source citation: Work cat.: (HDC): Hafiz Ithnin author 7623, Dana patuh syariah / oleh, 2015
